=LDR 00000nam 2200000 4500 =001 INLIS000000000014234 =005 20130612105520 =008 ***********************************Ind** =035 ##$$0010-061300000014234 =041 ##$$a Ind =082 ##$$a R. 344.01 =090 ##$$a R. 344.01, Eff h =100 ##$$a Effendi, Sofyan =245 ##$$a hukum perburuhan di Indonesia, Kumpulan lengkap undang - undang dan peraturan - peraturan, Sofyan Effendi =260 ##$$a 1984 $b jakarta =300 ##$$a 424 hlm, 21 cm =650 ##$$a Perburuhan =650 ##$$a Undang - undang =850 ##$$a NBPNMAT